000 00312nam a22001457a 4500
008 221107b ||||| |||| 00| 0 eng d
020 _a2740324062237
041 _aeng
080 _a61
082 _a61 SAT
100 _a7
101 _aINF
245 _aMULTICULTURAL MEDICINE
_cSATCHER D
942 _2udc
_cBK
999 _c58771
_d58771